| 000 | 00466cam a2200181ua 4500 | ||
|---|---|---|---|
| 020 | _c$ 5.00 | ||
| 041 |
_aeng _h |
||
| 082 |
_a612.3 _bJEL/IN |
||
| 100 | _aJelliffe, D B . | ||
| 245 |
_aInfant nutrition in the subtropics and tropics / _cD B Jellife. _hTextual Documents |
||
| 250 |
_a1 / _b. |
||
| 260 |
_aGeneva : _bWorld Health Organization , _c1955. |
||
| 300 | _a237 ; . | ||
| 365 | _a$ 5.00 | ||
| 504 | _a | ||
| 942 | _cBK | ||
| 999 |
_c3213 _d3213 |
||